01772naa a2200217 i 45000010005000000030009000050050017000140080039000310400021000700410008000910440008000991000132001072450199002395000021004385200491004596550030009507000119009807000119010997110083012187730253013013532KOSZ 00520191005125034.0151207s2005 FRA f |100 0 eng cBPKdKOSZ 005/EG aeng aFRA1 aMaliński, MirosławeAutord1996 - .bPolitechnika Koszalińska - Wydział Elektroniki,cKatedra Elektroniki Ciała Stałego10aInvestigations of the optical and thermal parameters of porous silicon layers with the two wavelength photoacoustic method /cM. Maliński, L. Bychto, A. Patryn, J. Gibkes, B.K. Bein, J. Pelzl. aDane z autopsji. aThis paper presents results of photoacoustic studies of porous silicon layers formed on silicon substrates with the method of constant current anodisation of c-Si in an aqueous solution of HF. The aim of the study was to determine the thermal diffusivity of the porous silicon layers and their optical absorption coefficients with the photoacoustic method using two wavelengths of the exciting light for the generation of thermal waves and measurement of thermal and optical parameters. 0aMateriały konferencyjne.1 aBYCHTO, Leszek.d1996 - .bPolitechnika Koszalińska - Wydział Elektroniki,cKatedra Elektroniki Ciała Stałego1 aPATRYN, Aleksy.d1996 - .bPolitechnika Koszalińska - Wydział Elektroniki,cKatedra Elektroniki Ciała Stałego22aWinter School on Wave and Quantum Acousticsn(34 ;d2000 ;cUstroń, Poland).0 iW :t34th Winter School on Wave and Quantum Acoustics, Ustroń, Poland, 28 February - 4 March 2005 / ed. by T. Błachowicz, J. Bodzenta and T. Pustelny. - dLes Ulis : EDP Sciences, 2005. -gs. 241-243kJournal de Physique IV Proceedings, Vol. 129